Statistics for Doctor Who Episodes 2005 - 2020

Click here to take the quiz!

General Stats

  • This quiz has been taken 111 times
  • The average score is 104 of 165

Answer Stats

Season and EpisodeEpisode Title% Correct
S1 Ep1ROSE
93%
S1 Ep6DALEK
88%
S2 Ep13DOOMSDAY
88%
2009 Holiday SpecialTHE WATERS OF MARS
88%
S1 Ep12BAD WOLF
84%
S3 Ep10BLINK
84%
S1 Ep2THE END OF THE WORLD
84%
S3 Ep11UTOPIA
84%
S2 Ep11FEAR HER
81%
S3 Ep3GRIDLOCK
81%
S2 Ep1NEW EARTH
81%
S1 Ep10THE DOCTOR DANCES
81%
S1 Ep9THE EMPTY CHILD
81%
S4 Ep2THE FIRES OF POMPEII
81%
S2 Ep9THE SATAN PIT
81%
S4 Ep11TURN LEFT
81%
S2 Ep12ARMY OF GHOSTS
79%
S4 Ep10MIDNIGHT
79%
2005 Christmas SpecialTHE CHRISTMAS INVASION
79%
S3 Ep9THE FAMILY OF BLOOD
79%
S3 Ep742
77%
S1 Ep11BOOM TOWN
77%
S4 Ep3PLANET OF THE OOD
77%
S3 Ep1SMITH AND JONES
77%
50th Anniversary SpecialTHE DAY OF THE DOCTOR
77%
S4 Ep6THE DOCTOR'S DAUGHTER
77%
2009 Christmas SpecialTHE END OF TIME (Part 1)
77%
2010 New Year SpecialTHE END OF TIME (Part 2)
77%
S2 Ep4THE GIRL IN THE FIREPLACE
77%
S3 Ep2THE SHAKESPEARE CODE
77%
S4 Ep7THE UNICORN AND THE WASP
77%
S1 Ep3THE UNQUIET DEAD
77%
2007 Christmas SpecialVOYAGE OF THE DAMNED
77%
S1 Ep8FATHER'S DAY
74%
S4 Ep13JOURNEY'S END
74%
S4 Ep1PARTNERS IN CRIME
74%
S4 Ep8SILENCE IN THE LIBRARY
74%
S2 Ep8THE IMPOSSIBLE PLANET
74%
S3 Ep13THE LAST OF THE TIMELORDS
74%
S1 Ep13THE PARTING OF THE WAYS
74%
S7 Ep4THE POWER OF THREE
74%
S2 Ep2TOOTH AND CLAW
74%
S3 Ep4DALEKS IN MANHATTAN
72%
S4 Ep9FOREST OF THE DEAD
72%
S3 Ep8HUMAN NATURE
72%
S2 Ep10LOVE AND MONSTERS
72%
S2 Ep3SCHOOL REUNION
72%
S7 Ep6THE BELLS OF SAINT JOHN
72%
S5 Ep1THE ELEVENTH HOUR
72%
S3 Ep6THE LAZARUS EXPERIMENT
72%
S5 Ep12THE PANDORICA OPENS
72%
2006 Christmas SpecialTHE RUNAWAY BRIDE
72%
S5 Ep10VINCENT AND THE DOCTOR
72%
S6 Ep7A GOOD MAN GOES TO WAR
70%
S1 Ep4ALIENS OF LONDON
70%
S5 Ep7AMY'S CHOICE
70%
S7 Ep2DINOSAURS ON A SPACESHIP
70%
2009 Easter SpecialPLANET OF THE DEAD
70%
S2 Ep5RISE OF THE CYBERMEN
70%
S7 Ep5THE ANGELS TAKE MANHATTAN
70%
S2 Ep7THE IDIOT'S LANTERN
70%
S6 Ep1THE IMPOSSIBLE ASTRONAUT
70%
S5 Ep11THE LODGER
70%
S7 Ep13THE NAME OF THE DOCTOR
70%
S4 Ep5THE POISON SKY
70%
2013 Christmas SpecialTHE TIME OF THE DOCTOR
70%
S6 Ep13THE WEDDING OF RIVER SONG
70%
S1 Ep5WORLD WAR THREE
70%
2010 Christmas SpecialA CHRISTMAS CAROL
67%
S7 Ep3A TOWN CALLED MERCY
67%
S8 Ep4LISTEN
67%
S2 Ep6THE AGE OF STEEL
67%
S5 Ep2THE BEAST BELOW
67%
S4 Ep4THE SONTARAN STRATAGEM
67%
S4 Ep12THE STOLEN EARTH
67%
S5 Ep6THE VAMPIRES OF VENICE
67%
S7 Ep1ASYLUM OF THE DALEKS
65%
S9 Ep11HEAVEN SENT
65%
S5 Ep13THE BIG BANG
65%
S6 Ep4THE DOCTOR'S WIFE
65%
S6 Ep10THE GIRL WHO WAITED
65%
S1 Ep7THE LONG GAME
65%
2008 Christmas SpecialTHE NEXT DOCTOR
65%
2012 Christmas SpecialTHE SNOWMEN
65%
S3 Ep12THE SOUND OF DRUMS
65%
S5 Ep3VICTORY OF THE DALEKS
65%
S8 Ep1DEEP BREATH
63%
S3 Ep5EVOLUTION OF THE DALEKS
63%
S8 Ep2INTO THE DALEK
63%
S6 Ep8LET'S KILL HITLER
63%
2011 Christmas SpecialTHE DOCTOR THE WIDOW AND THE WARDROBE
63%
S10 Ep1THE PILOT
63%
S5 Ep9COLD BLOOD
60%
S5 Ep5FLESH AND STONE
60%
S9 Ep12HELL BENT
60%
S7 Ep9HIDE
60%
S11 Ep3ROSA
60%
S5 Ep8THE HUNGRY EARTH
60%
S11 Ep1THE WOMAN WHO FELL TO EARTH
60%
S9 Ep7THE ZYGON INVASION
60%
S6 Ep12CLOSING TIME
58%
S6 Ep2DAY OF THE MOON
58%
S7 Ep12NIGHTMARE IN SILVER
58%
S8 Ep3ROBOT OF SHERWOOD
58%
S10 Ep2SMILE
58%
S6 Ep6THE ALMOST PEOPLE
58%
S8 Ep6THE CARETAKER
58%
S6 Ep11THE GOD COMPLEX
58%
2015 Christmas SpecialTHE HUSBANDS OF RIVER SONG
58%
S6 Ep5THE REBEL FLESH
58%
S5 Ep4THE TIME OF ANGELS
58%
2017 Christmas SpecialTWICE UPON A TIME
58%
S7 Ep8COLD WAR
56%
S6 Ep3CURSE OF THE BLACK SPOT
56%
S10 Ep12THE DOCTOR FALLS
56%
S9 Ep8THE ZYGON INVERSION
56%
S11 Ep4ARACHNIDS IN THE UK
53%
2014 Christmas SpecialLAST CHRISTMAS
53%
S10 Ep5OXYGEN
53%
S7 Ep11THE CRIMSON HORROR
53%
S9 Ep5THE GIRL WHO DIED
53%
2016 Christmas SpecialTHE RETURN OF DOCTOR MYSTERIO
53%
S7 Ep7THE RINGS OF AKHATEN
53%
S8 Ep11DARK WATER
51%
S8 Ep12DEATH IN HEAVEN
51%
S10 Ep6EXTREMIS
51%
S8 Ep9FLATLINE
51%
S8 Ep10IN THE FOREST OF THE NIGHT
51%
S7 Ep10JOURNEY TO THE CENTRE OF THE TARDIS
51%
S8 Ep7KILL THE MOON
51%
S6 Ep9NIGHT TERRORS
51%
S11 Ep2THE GHOST MONUMENT
51%
S9 Ep1THE MAGICIAN'S APPRENTICE
51%
S9 Ep6THE WOMAN WHO LIVED
51%
S10 Ep3THIN ICE
51%
S10 Ep11WORLD ENOUGH AND TIME
51%
S9 Ep4BEFORE THE FLOOD
49%
S9 Ep10FACE THE RAVEN
49%
S10 Ep4KNOCK KNOCK
49%
S8 Ep8MUMMY ON THE ORIENT EXPRESS
49%
S12 Ep1SPYFALL (Part 1)
49%
S12 Ep2SPYFALL (Part 2)
49%
S10 Ep8THE LIE OF THE LAND
49%
S9 Ep2THE WITCH'S FAMILIAR
49%
S11 Ep7KERBLAM!
47%
S9 Ep9SLEEP NO MORE
47%
S10 Ep10THE EATERS OF LIGHT
47%
S12 Ep10THE TIMELESS CHILDREN
47%
S9 Ep3UNDER THE LAKE
47%
S10 Ep9EMPRESS OF MARS
44%
S12 Ep6PRAXEUS
44%
S10 Ep7THE PYRAMID AT THE END OF THE WORLD
44%
S8 Ep5TIME HIEST
44%
S12 Ep3ORPHAN 55
42%
2019 New Year SpecialRESOLUTION
42%
S11 Ep10THE BATTLE OF RANSKOOR AV KOLOS
40%
S11 Ep5THE TSURANGA CONUNDRUM
40%
S11 Ep8THE WITCHFINDERS
40%
S11 Ep6DEMONS OF THE PUNJAB
37%
S12 Ep9ASCENSION OF THE CYBERMEN
35%
S12 Ep7CAN YOU HEAR ME?
35%
S12 Ep5FUGITIVE OF THE JUDOON
35%
S12 Ep4NIKOLA TESLA'S NIGHT OF TERROR
35%
S11 Ep9IT TAKES YOU AWAY
33%
S12 Ep8THE HAUNTING OF VILA DIODATI
12%

Score Distribution

Percentile by Number Answered

Percent of People with Each Score

Your Score History

You have not taken this quiz